Normal view
MARC view
- الناهي، صلاح الدين عبد اللطيف
Entry Personal Name
001 - CONTROL NUMBER
- control field: 39361
003 - CONTROL NUMBER IDENTIFIER
- control field: JO-AjAnu
005 - DATE AND TIME OF LATEST TRANSACTION
- control field: 20230606080540.0
008 - FIXED-LENGTH DATA ELEMENTS
- fixed length control field: 230606|| aca||aabn | a|a d
040 ## - CATALOGING SOURCE
- Original cataloging agency: JO-AjAnu
- Transcribing agency: JO-AjAnu
100 ## - HEADING--PERSONAL NAME
- Personal name: الناهي، صلاح الدين عبد اللطيف
670 ## - SOURCE DATA FOUND
- Source citation: Work cat.: (JO-AjAnu)20185: الناهي، صلاح الدين عبد اللطيف , author, الوجيز الوافي في القوانين المرعية في الجمهورية العراقية والمملكة الأردنية الهاشمية والكويت